Statistics for Major U.S. Cities with the Highest Summer Heat Indexes

Click here to take the quiz!

General Stats

  • This quiz has been taken 62 times
  • The average score is 12 of 16

Answer Stats

HintAnswer% Correct
95Phoenix
98%
93Miami
96%
94Houston
91%
93Dallas
87%
92Orlando
87%
93Tampa
84%
91Jacksonville
82%
94New Orleans
82%
92San Antonio
82%
87Tucson
80%
93Las Vegas
76%
93Austin
73%
86Honolulu
53%
88Memphis
44%
86Raleigh
27%
86Sacramento
27%

Score Distribution

Percentile by Number Answered

Percent of People with Each Score

Your Score History

You have not taken this quiz